01438nam a2200361Ia 4500001001200000003000800012006001900020007001500039008004100054010001700095020001800112020001500130040002100145035002100166050002300187082001700210100002700227245011200254260004800366300001600414490004500430500005700475504006400532533015200596650002400748650001200772655002900784710005500813710001700868830004600885856012600931999001901057ebr10358399CaPaEBRm u cr cn|||||||||970710s1998 nyu sb 001 0 eng d z 97024240  z9780195120516 z0195120515 aCaPaEBRcCaPaEBR a(OCoLC)64783704214aTA157b.D32 1998eb04a174/.9622211 aDavis, Michael,d1943-10aThinking like an engineerh[electronic resource] :bstudies in the ethics of a profession /cMichael Davis. aNew York :bOxford University Press,c1998. axii, 240 p.1 aPractical and professional ethics series a"Association for Practical and Professional Ethics." aIncludes bibliographical references (p. 227-235) and index. aElectronic reproduction.bPalo Alto, Calif. :cebrary,d2011.nAvailable via World Wide Web.nAccess may be limited to ebrary affiliated libraries. 0aEngineering ethics. 0aEthics. 7aElectronic books.2local2 aAssociation for Practical and Professional Ethics.2 aebrary, Inc. 0aPractical and professional ethics series.40uhttp://site.ebrary.com/lib/rucke/Doc?id=10358399zAn electronic book accessible through the World Wide Web; click to view c211535d211535